Torquemada (Запис номер 391394)
[ съкратено ]
| 000 -Лидер | |
|---|---|
| Контролно поле с фиксирана дължина | 01223nam a22003372c 4500 |
| 001 - Контролен номер на записа | |
| Контролно поле | 490002579 |
| 003 - Код на организацията, давaща контролен номер | |
| Контролно поле | DE-601 |
| 005 - Дата и час на последна редакция | |
| Контролно поле | 20231030091306.0 |
| 008 - Елементи от данни с фиксирана дължина | |
| fixed length control field | 050621s1882 fr 000 0 fre d |
| 035 ## - SYSTEM CONTROL NUMBER | |
| Системен номер от АБ | (OCoLC)162575875 |
| 035 ## - SYSTEM CONTROL NUMBER | |
| Системен номер от АБ | (DE-599)GBV490002579 |
| 040 ## - Източник на каталожния запис | |
| Language of cataloging | ger |
| Transcribing agency | GBVCP |
| Идентификатор на билиотеката - собственик на записа | BLK |
| 041 0# - Код за език | |
| Код за езика на текст/звукозапис или на отделно заглавие | Френски |
| Код за езика КДБФ | Френски |
| 080 ## - УДК | |
| Текстов определител УДК | Френска литература |
| УДК код - определител по УДК | 821.133.1 |
| УДК - код + определител | 821.133.1 |
| 100 ## - Редна дума - Автор | |
| Автор | Hugo, Victor |
| R(LIN) | 1299 |
| Авторска отговорност | първи автор |
| 139 ## - Редно поле | |
| Редна дума | Hugo, Victor |
| 245 10 - Сведения за заглавието | |
| Заглавие | Torquemada |
| Подзаглавни данни | Drame |
| Редно поле (дума) | Victor Hugo |
| 250 ## - Област на изданието | |
| Сведения за изданието | 6. ed. |
| 260 ## - Област на издателските данни | |
| 9 (RLIN) | 211784 |
| Място на издаване, разпространение и проч. | Paris |
| Име на издателя, разпространителя и проч. | Calmann-Levy |
| Година на издаване | 1882 |
| 264 31 - Продуциране, публикуване, разпространение, изработка и търговска марка | |
| Дата на издаване, разпространение, изработка и обявяване на авторското право | 1882 |
| 300 ## - Физическа характеристика | |
| Размери/Мащаб | 24 см |
| Страници | 204 с. |
| 380 ## - Жанр | |
| Жанр | Худож. лит. |
| 490 ## - СЕРИИ (Колекции) | |
| 9 (RLIN) | 435080 |
| Име на серия | Колекция Редки и ценни издания |
| 490 ## - СЕРИИ (Колекции) | |
| 9 (RLIN) | 435931 |
| Име на серия | Лична библиотека на Захари Стоянов |
| №: серия | № 66 |
| 500 ## - Общи забележки | |
| Забележка | На загл. с. датирано 27.ІV.936 г. № 203. |
| 852 ## - Местоположение | |
| Форматна сигнатура | Рф 882 ЗСт |
| Фондова буква | Редки и ценни |
| 856 ## - Електронен адрес и достъп | |
| Име на файл | Съдържание |
| Права за достъп | Достъп за регистрирани потребители |
| Електронен формат | jpg - файл |
| Път до файла /url/ | http://185.138.176.146:18082/cgi-bin/koha/opac-retrieve-file.pl?id=e36d8b55ee21d2ab1d69f3c0ee350cc2 |
| Допълнителна информация (Корица, съдържание, пълен текст, звуков файл, HTML файл) | Изображение |
| Информация за съдържанието | Съдържание |
| 942 ## - АРТИКУЛИ | |
| Източник на класификационната схема | Universal Decimal Classification |
| Вид на библиотечния материал | Книги |
| Скрит в OPAC | Не |
| Периодичен библиозапис | Да |
| Koha issues (borrowed), all copies | 1 |
| 999 ## - СИСТЕМНИ КОНТРОЛНИ НОМЕРА | |
| Koha biblionumber | 391394 |
| Koha biblioitemnumber | 391394 |
| 999 ## - СИСТЕМНИ КОНТРОЛНИ НОМЕРА | |
| Koha biblioitemnumber | 391394 |
| 999 ## - СИСТЕМНИ КОНТРОЛНИ НОМЕРА | |
| Koha biblioitemnumber | 391394 |
| 944 ## - СЪЗДАВАНЕ И РЕДАКЦИЯ на ЗАПИСА | |
| Служител, извършил регистрацията/редакцията | 30542 |
| Статус, дата на статуса | Русанова Ирена |
| Код за отписване | Код за изгубен артикул | Източник на класификационната схема | Код за повреда | Коз за рестрикции | Код за отдаване | Артикулен № | Име на библиотеката - собственик | Име на библиотеката, в която се намира в момента | Статус (Текущо местоположение) | Дата на вписване в системата | Местоположение - отдел | Цена в лева | Инвентарен номер | Систематично азбучна сигнатура | Баркод | Цена в евро | Служебен тип на артикула |
|---|---|---|---|---|---|---|---|---|---|---|---|---|---|---|---|---|---|
| Не е изгубен | Universal Decimal Classification | Не е повреден | само за читалня | Специални фондове ( старопечатни, редки и ценни, фонд М. Арнаудов) | 804822 | Регионална библиотека "Любен Каравелов" Русе | Регионална библиотека "Любен Каравелов" Русе | Редки и ценни | 2020-11-06 | Редки и ценни | 0.16 | 1140 | Рф 882 ЗСт | 900000038366 | 0.08 | Книги |